| 000 | 00661cam a2200205 i 4500 | ||
|---|---|---|---|
| 005 | 20251108164028.0 | ||
| 008 | 250721s2000 le gr 000 0 ara d | ||
| 020 | _a995310123X | ||
| 082 | 1 | 4 |
_a004.65 _bع ل م |
| 110 | 2 |
_aيورك برس. _eمؤلف |
|
| 245 | 1 | 0 |
_aعلم نفسك الإنترنت في 24 ساعة / _cتأليف يورك برس. |
| 250 | _aالطبعة الثانية. | ||
| 264 | 1 |
_aبيروت : _bمكتبة لبنان، _c2000. |
|
| 300 | _a530 صفحة. | ||
| 650 | 1 | 7 | _aشبكات الحواسيب. |
| 650 | 1 | 7 | _aشبكات المعلومات. |
| 650 | 1 | 7 | _aالإنترنيت. |
| 942 |
_2ddc _cBK |
||
| 999 |
_c1814 _d1814 |
||